• 首页
  • 本馆介绍
  • 公告通知
  • 最新文献
  • 馆藏检索
  • 电子资源
  • 读者导购
  • 参考咨询
  • 我的图书馆
  • 登录
  • 详细信息显示
  • 放入我的书架
  • 预约/预借图书
  • 作者相关作品
  • 分类相关作品
  • 丛书相关作品
  • 出版社相关作品

书目信息

  • 表格格式
  • 工作单格式
  • 卡片格式
题名:
冻土力学
    
 
作者: 崔托维奇 , Н.А. 著 ;张长庆 , 朱元林 译
分册:  
出版信息: 北京   科学出版社  1985
页数: 464页
开本: 19cm
丛书名:
单 册:
中图分类: TU445
科图分类:
主题词: 土--关系--地基
电子资源:
ISBN:
000 00846nam0 2200289 45
001 0185020757
005 20040514102043.8
010    @dCNY2.50
091    @a13031.2777
100    @a19900923d1985 emky0chiy0121 ea
101 1  @achi@crus
102    @aCN@b110000
105    @ay z 000yy
106    @ar
200 10 @a冻土力学@Adong tu li xue@f(苏)崔托维奇著(Чьлтович,Н.А.)@g张长庆, 朱元林译
210    @a北京@c科学出版社@d1985
215    @a464页@d19cm
300    @a根据1973年俄文版译出
606 0  @a土@x关系@x地基
690    @aTU445
701  1 @a崔托维奇@Acui tuo wei ji@bЧьлтович@4著
701 A1 @aН.А.@bЧьлтович@4著
702  0 @a张长庆@Azhang chang qing@4译
702  0 @a朱元林@Azhu yuan lin@4译
801  0 @aCN@b深圳图书馆@c20040514
801  2 @aCN@bNLC@c20040514
905    @f1@b127206@dTU445@e107
    
    冻土力学/(苏)崔托维奇著(Чьлтович,Н.А.)/张长庆, 朱元林译.-北京:科学出版社,1985
    464页;19cm
    根据1973年俄文版译出
    
    ISBN :CNY2.50
    
●
相关链接 在E读中查询图书 在五车中查询图书 在当当中查询图书 在豆瓣中查询图书


正题名:冻土力学     索取号:TU445/107         预约/预借

序号 登录号 条形码 馆藏地/架位号 状态 备注
1 0127206   001484361   第三借阅区/ [索取号:TU445/107] 在馆    
2 0127207   001484290   第二样本阅览室/ [索取号:TU445/107] 在馆    
唐山师范学院图书馆 欢迎您!
大连网信软件有限公司© 版权所有